|
|
|
|
| LEADER |
00000nmm0a2200000 4500 |
| 001 |
237547 |
| 005 |
20231101231539.0 |
| 010 |
|
|
|a 9785160047911
|
| 035 |
|
|
|a (RuTPU)RU\TPU\book\258721
|
| 035 |
|
|
|a RU\TPU\book\229605
|
| 035 |
|
|
|a RU\TPU\book\258721
|
| 090 |
|
|
|a 237547
|
| 100 |
|
|
|a 20120221d2014 m y0rusy50 ca
|
| 101 |
0 |
|
|a rus
|
| 102 |
|
|
|a RU
|
| 105 |
|
|
|a y j 001zy
|
| 200 |
1 |
|
|a Финансовый менеджмент на предприятиях нефтяной и газовой промышленности
|e учебное пособие
|f М. Ю. Гинзбург, Л. Н. Краснова, Р. Р. Садыкова
|
| 210 |
|
|
|a Москва
|c Инфра-М
|d 2014
|
| 215 |
|
|
|a 287 с.
|c ил.
|e CD-ROM
|
| 225 |
1 |
|
|a Высшее образование
|
| 320 |
|
|
|a Библиогр.: с. 281-283.
|
| 330 |
|
|
|a Учебное пособие представляет собой базовый курс динамично развивающейся дисциплины «Финансовый менеджмент» с подробными примерами из хозяйственной практики российских предприятий нефтяной и газовой промышленности. В книге рассмотрены принципы анализа и финансового планирования, критерии оценки инвестиционных проектов, способы управления оборотными средствами, теории структуры капитала, дивидендная политика компании и факторы, влияющие на нее, инвестиционная политика компании, а также некоторые специфические аспекты финансового менеджмента. Приведены задачи по темам, рассмотренным в теории. Для контроля полученных знаний представлены разработанные тестовые вопросы.
|
| 606 |
1 |
|
|a Нефтегазодобывающие предприятия
|x Финансирование
|2 stltpush
|3 (RuTPU)RU\TPU\subj\45583
|9 64776
|
| 610 |
1 |
|
|a финансовый менеджмент
|
| 610 |
1 |
|
|a финансово-хозяйственная деятельность
|
| 610 |
1 |
|
|a анализ
|
| 610 |
1 |
|
|a финансовое планирование
|
| 610 |
1 |
|
|a прогнозирование
|
| 610 |
1 |
|
|a оборотные средства
|
| 610 |
1 |
|
|a капитал
|
| 610 |
1 |
|
|a структура
|
| 610 |
1 |
|
|a стоимость
|
| 610 |
1 |
|
|a анализ
|
| 610 |
1 |
|
|a риски
|
| 610 |
1 |
|
|a леверидж
|
| 610 |
1 |
|
|a дивидендная политика
|
| 610 |
1 |
|
|a инвестиционная политика
|
| 610 |
1 |
|
|a ценные бумаги
|
| 610 |
1 |
|
|a оценка
|
| 610 |
1 |
|
|a специфические аспекты
|
| 610 |
1 |
|
|a задачи
|
| 610 |
1 |
|
|a тесты
|
| 610 |
1 |
|
|a CD-ROM
|
| 610 |
1 |
|
|a учебные пособия
|
| 675 |
|
|
|a 622.323.012:658(075.8)
|v 3
|
| 700 |
|
1 |
|a Гинзбург
|b М. Ю.
|g Мария Юрьевна
|
| 701 |
|
1 |
|a Краснова
|b Л. Н.
|g Лидия Николаевна
|
| 701 |
|
1 |
|a Садыкова
|b Р. Р.
|g Регина Рафкатовна
|
| 801 |
|
1 |
|a RU
|b 63413507
|c 20130516
|
| 801 |
|
2 |
|a RU
|b 63413507
|c 20151117
|g RCR
|
| 942 |
|
|
|c MX
|
| 959 |
|
|
|a 77/20130416
|d 10
|e 299,90
|f ЧЗТЛ:1
|f АНЛ:1
|f УФ:8
|
| 959 |
|
|
|a 79/20140513
|d 10
|e 349,90
|f ЧЗТЛ:1
|f АНЛ:1
|f УФ:8
|